Catàleg del Col·legi de Periodistes de Catalunya

Introducción a la sociología de la comunicación / (Registre núm. 7992)

000 -CABECERA
Longitud fija campo de control 01028nam a2200313 a 4500
001 - NÚMERO DE CONTROL
Número de control 991044855369706706
003 - IDENTIFICADOR DEL NÚMERO DE CONTROL
Identificador del número de control OSt
005 - FECHA Y HORA DE LA ÚLTIMA TRANSACCIÓN
Fecha y hora de la última transacción 20241202130509.0
008 - CÓDIGOS DE INFORMACIÓN DE LONGITUD FIJA
Códigos de información de longitud fija 070102s2006 sp |||||| 000 ||spa|c
017 ## - NÚMERO DE COPYRIGHT O DE DEPÓSITO LEGAL
Número de copyright o de depósito legal DL V. 1451-2006
020 ## - NÚMERO INTERNACIONAL NORMALIZADO PARA LIBROS
Número Internacional Normalizado para Libros (ISBN) 8479088567
035 ## - NÚMERO DE CONTROL DEL SISTEMA
Número de control del sistema (ES-BaCBU).b36506187
035 ## - NÚMERO DE CONTROL DEL SISTEMA
Número de control del sistema (OCoLC)802995843
040 ## - FUENTE DE LA CATALOGACIÓN
Centro catalogador de origen ES-BaCBU
Lengua de catalogación cat
Centro transcriptor CDMR
080 ## - NÚMERO DE LA CLASIFICACIÓN DECIMAL UNIVERSAL
Número de la Clasificación Decimal Universal 301.153.2
080 ## - NÚMERO DE LA CLASIFICACIÓN DECIMAL UNIVERSAL
Número de la Clasificación Decimal Universal 316.77
245 00 - MENCIÓN DE TÍTULO
Título Introducción a la sociología de la comunicación /
Mención de responsabilidad, etc. Eva Espinar Ruiz ... [et al.]
260 ## - PUBLICACIÓN, DISTRIBUCIÓN, ETC. (PIE DE IMPRENTA)
Lugar de publicación, distribución, etc. San Vicente de Raspeig :
Nombre del editor, distribuidor, etc. Publicaciones de la Universidad de Alicante,
Fecha de publicación, distribución, etc. DL 2006
300 ## - DESCRIPCIÓN FÍSICA
Extensión 171 p.;
Dimensiones 24 cm
504 ## - NOTA DE BIBLIOGRAFÍA, ETC
Nota de bibliografía, etc. Bibliografia
650 04 - PUNTO DE ACCESO ADICIONAL DE MATERIA - TÉRMINO DE MATERIA
Término de materia o nombre geográfico como elemento inicial Mitjans de comunicació de massa
Subdivisión de materia general Aspectes socials
650 00 - PUNTO DE ACCESO ADICIONAL DE MATERIA - TÉRMINO DE MATERIA
Término de materia o nombre geográfico como elemento inicial Sociologia de la comunicació
9 (RLIN) 1460
700 1# - PUNTO DE ACCESO ADICIONAL - NOMBRE DE PERSONA
Nombre de persona Espinar Ruiz, Eva
830 #0 - PUNTO DE ACCESO ADICIONAL DE SERIE - TÍTULO UNIFORME
Título uniforme Textos docentes (Universitat d'Alacant)
907 ## - ELEMENTO G DATOS LOCALES, GDL (RLIN)
a .b36506187
b 17-06-21
c 12-05-08
d 02-01-07
e m
f a
g -
h spa
i sp
j 0
k 5
908 ## - CONTROL DE PARÁMETROS (RLIN)
Parametro de comando lanzado UAB
-- UPF
-- UB
-- UdL
-- GEPA
940 ## -
T&íacute;tulo uniforme <a href="CVA7">CVA7</a>
942 ## - ENTRADA DE ELEMENTOS AGREGADOS (KOHA)
Fuente de clasificaión o esquema
Koha [por defecto] tipo de item Monografies
Fons
Suprimido Perdido Estropeado No para pr&eacute;stamo Localizaci&oacute;n permanente Localizaci&oacute;n actual Fecha adquisici&oacute;n Fuente de adquisici&oacute;n Signatura completa C&oacute;digo de barras Fecha &uacute;ltima consulta Fecha del precio de reemplazo Tipo de item de Koha
        Centre de Documentació Montserrat Roig Centre de Documentació Montserrat Roig 2024-12-02 Donació Cc 5/54 CDMR24120003 2024-12-02 2024-12-02 Monografies

Implantat amb Koha